Defining low-protein NRL : Question marks over criteria (Record no. 56761)

MARC details
000 -LEADER
fixed length control field 00314nam a2200121Ia 4500
100 ## - MAIN ENTRY--AUTHOR NAME
Personal name Rajammal G
245 #0 - TITLE STATEMENT
Title Defining low-protein NRL : Question marks over criteria
260 ## - PUBLICATION, DISTRIBUTION, ETC. (IMPRINT)
Name of publisher Rubber Asia
Year of publication 2003
300 ## - PHYSICAL DESCRIPTION
Number of Pages 89-91
650 ## - SUBJECT ADDED ENTRY--TOPICAL TERM
Topical Term Low-protein NRL
942 ## - ADDED ENTRY ELEMENTS (KOHA)
Koha item type Journals
Holdings
Withdrawn status Lost status Damaged status Not for loan Home library Current library Shelving location Date acquired Serial Enumeration / chronology Koha item type
      Journals RRII Library RRII Library Rubber chemistry 24/04/2003 Volume 17, Issue 2 Journals